000 00278nam a22001217a 4500
008 181102b xxu||||| |||| 00| 0 eng d
041 _aeng
080 _a159.9
100 _a49
101 _aPSI
245 _aBasic Readings in Neuropsychology
_cIsaacson, R.L
942 _2udc
_cBK
999 _c51612
_d51612